Movies from emojis #1 - Statistics

General Stats
  • This quiz has been taken 167 times
  • The average score is 12 of 30
Answer Stats
Emojis Answer % Correct
๐Ÿ–ค๐Ÿฆข Black Swan
83%
๐Ÿฆ๐Ÿซ…๐Ÿป The Lion King
78%
๐Ÿ˜ˆ๐Ÿ‘  The Devil Wears Prada
70%
๐Ÿฉธ๐Ÿ’Ž Blood Diamond
63%
๐Ÿ’ตโšพ Moneyball
58%
๐Ÿ”‡๐Ÿ‘ The Silence of the Lambs
58%
๐Ÿฆ–๐Ÿ†š๐Ÿฆ Godzilla vs Kong
57%
๐Ÿ˜๐Ÿ‘จ The Elephant Man
55%
๐ŸŒ™๐Ÿ’ก Moonlight
54%
๐Ÿ’œ๐Ÿ’œ Purple Hearts
54%
๐Ÿ•ฐ๏ธ๐ŸŠ A Clockwork Orange
52%
๐Ÿ‘ปโœ๐Ÿผ The Ghost Writer
52%
๐Ÿฆ‚๐Ÿซ…๐Ÿป The Scorpion King
50%
๐Ÿงฑ๐Ÿ‡ช Wall-E
49%
๐Ÿฆ๐Ÿ‘จ Birdman
48%
๐Ÿš•๐Ÿช› Taxi Driver
48%
๐Ÿง‘๐Ÿปโœ‚๏ธ๐Ÿซธ Edward Scissorhands
46%
๐Ÿ’ฐ๐Ÿ’ฒ๐Ÿ‘ถ Million Dollar Baby
34%
๐Ÿ๐Ÿš„ Pineapple Express
34%
๐Ÿ™๏ธ๐Ÿ’ก๐Ÿ’ก City Lights
33%
๐ŸŽน๐Ÿ‘จ The Pianist
25%
โš”๏ธ๐ŸŽ War Horse
19%
๐Ÿ‘ผ๐Ÿป๐Ÿ‘น Angels and Demons
16%
๐ŸŒณ๐Ÿงฌ The Tree of Life
13%
๐ŸŒƒ๐Ÿ—ผ Midnight in Paris
11%
๐Ÿ˜ˆ๐Ÿง‘๐Ÿปโ€โš–๏ธ The Devil's Advocate
11%
๐Ÿ‡ฌ๐Ÿ‡ง๐Ÿด๓ ง๓ ข๓ ฅ๓ ฎ๓ ง๓ ฟ๐Ÿค’ The English Patient
8%
๐Ÿ‘จโ€๐Ÿ‘ฉโ€๐Ÿ‘งโ€๐Ÿ‘ฆ๐Ÿ”„ Family Switch
7%
๐Ÿงง๐Ÿ“„ Red Notice
1%
โšกโš”๏ธ The Current War
0%
No matching quizzes found
Score Distribution
Percent of People with Each Score
Percentile by Number Answered
Your Score History
You have not taken this quiz